| 000 | 00628nam a2200205 a 4500 | ||
|---|---|---|---|
| 005 | 20240924070820.0 | ||
| 008 | 030605s1998 es r 000 0 spa d | ||
| 020 | _a8481642479 | ||
| 035 | _aUPN01000125044 | ||
| 049 | _aCG | ||
| 050 | 4 |
_aBF433 A3 _bC6.3 |
|
| 100 | 1 |
_aCorral Iñigo, Antonio, _d1953- _930589 |
|
| 245 | 1 | 0 |
_aDe la lógica del adolescente a la lógica del adulto / _cAntonio Corral Iñigo. |
| 260 |
_aMadrid : _bTrotta : _bUNED, _c1998. |
||
| 300 |
_a164 p. : _bcuadros |
||
| 440 | 0 |
_aEstructuras y procesos. _pCognitiva |
|
| 650 | 4 |
_aEDAD E INTELIGENCIA _917091 |
|
| 650 | 4 |
_aInteligencia _9939 |
|
| 905 | _aLibro | ||
| 999 |
_c97223 _d97223 |
||